LEADER 01659nam a2200253 i 4500 001 000000027394 003 CaOOAMICUS 005 20240424090833.0 008 180830s1979 it u000 u ita u 040 $aSeMil$bita 245 13$aIl Catasto di Maria Teresa d'Austria e altri segni del '700 in Varese :$b[mostra storica ai Musei Civici, Villa Mirabello, Varese, dal 12 dicembre 1979 al 13 gennaio 1980]. - 1979 (Varese : Giornale L'ammonitore) 260 $a[S.l. :$bs.n.],$c1979$e(Varese :$fGiornale L'ammonitore,$g1979) 300 $a4 v. :$bill. ;$c24 cm. + 1 c. ripieg. 500 $aIn cofanetto. 650 4$aVarese - Storia - Sec. 18.$0(OLS)http://semarc/subject/7435 650 4$aMaria Teresa : d'Austria - Catasto.$0(OLS)http://semarc/subject/4418 650 4$aVarese - Catasto.$0(OLS)http://semarc/subject/4419 774 0 $t1.$g1$w()59656 774 0 $tNote sulla amministrazione pubblica nello Stato di Milano e nel borgo di Varese nel secolo 18. e sulle fonti archivistiche per la storia di Varese.$g2$w()215983 774 0 $tSegni del Settecento in Varese: problemi di storiografia locale.$g3$w()215984 774 0 $tMateriali per servire all'avviamento di uno studio sull'edilizia settecentesca del borgo di Varese e sue castellanze.$g4$w()215985 996 $6245$aIl Catasto di Maria Teresa d'Austria e altri segni del '700 in Varese :$b[mostra storica ai Musei Civici, Villa Mirabello, Varese, dal 12 dicembre 1979 al 13 gennaio 1980]. - 1979 (Varese : Giornale L'ammonitore)$9(OLS)http://semarc/title/37084 996 $6260$a[S.l. :$bs.n.]$9(OLS)http://semarc/publisher/29751 LEADER 01121nam a2200265 i 4500 001 000000063859 003 CaOOAMICUS 005 20130314000000.0 008 130314s1950 it u000 u ita u 013 $a35031 040 $aSeMil$bita 100 1 $aRoschini, Gabriele M. .$0(OLS)http://semarc/name/9852 245 12$aL'Assunzione e l'Immacolata Concezione :$bAssunta perchè Immacolata /$cP. Gabriele M. Roschini. 260 $aRoma :$bAngelo Belardetti,$c1950. 300 $a89 p. ;$c26 cm. 490 0 $aStudi mariani ;$v1 650 4$aMadonna - Immacolata Concezione.$0(OLS)http://semarc/subject/4414 650 4$aMadonna - Assunzione.$0(OLS)http://semarc/subject/4528 830 0$aStudi mariani ;$v1.$0(OLS)http://semarc/title/37686 850 $aSeMil 852 $aSeMil$W1$xVenegono$y1$m2L V 130$j30012$B30012$CSeMilBibl$Z2$F30015 $81 900 1 $aRoschini, Gabriele. 996 $6245$aL'Assunzione e l'Immacolata Concezione :$bAssunta perchè Immacolata$9(OLS)http://semarc/title/100941 996 $6260$aRoma :$bAngelo Belardetti$9(OLS)http://semarc/publisher/32664